000 00557nam a2200169Ia 4500
003 GCL
008 140319s9999 xx 000 0 ara d
040 _aGCL /
_cGCL
082 0 4 _a801.95
_bج ا
100 1 _aجبرا ابراهيم جبرا
245 1 0 _aالاسطورة والرمز: مبادىء نقدية وتطبيقات /
_cجبرا ابراهيم جبرا
300 _a252 ص
490 _aسلسلة الكتب المترجمة
_v0
650 0 4 _aالادب - تاريخ ونقد
650 0 4 _aالرمزية فى الادب
942 _2ddc
_cBK
999 _c47426
_d47426